Diseño de presa vertedora : Proyecto "La Garita"
Gespeichert in:
| 1. Verfasser: | |
|---|---|
| Format: | Unbekannt |
| Veröffentlicht: |
[San José, Costa Rica]
1953
|
| Schlagworte: | |
| Tags: |
Tag hinzufügen
Keine Tags, Fügen Sie den ersten Tag hinzu!
|
MARC
| LEADER | 00000 a2200000 4500 | ||
|---|---|---|---|
| 003 | 011007 | ||
| 005 | 20221231143802.0 | ||
| 008 | 140114s1953 cr a m 000 ||s d | ||
| 040 | |c cru CEDI | ||
| 090 | |a TFG 067 | ||
| 100 | |a Ortiz Fernández, Rodolfo |9 17115 | ||
| 245 | |a Diseño de presa vertedora : Proyecto "La Garita" | ||
| 260 | |c 1953 |a [San José, Costa Rica] | ||
| 300 | |a 151 hojas : cuadros, gráficos (algunas plegables) mapas (color y plegables) ; 29 cm | ||
| 500 | |a Tesis (Ingeniero Civil) Universidad de Costa Rica. | ||
| 501 | |a Ed. mecanografiada. | ||
| 650 | |x REPRESAS |9 17116 | ||
| 942 | |c TFG | ||
| 999 | |c 11944 |d 11944 | ||
